00443 2200145 4500001002100000008004100021035002000062245008100082260004100163300002200204084001600226082001000242650003300252990001200285INLIS000000000001111 ind  a0010-0722000660 aStrategi Pengembangan Ilmu Pengetahuan Dan Teknologi Di MadrashcAgus Sholeh aJakarta :bDepartemen Agama RIc2004 a108c14,5 x 21 cm a370.7 AGU s a370.7 aStudi dan Gagasan Pendidikan aDI.1949